| 000 | 00534misia2200193cho4500 | ||
|---|---|---|---|
| 003 | CEME | ||
| 005 | 20210628210153.0 | ||
| 008 | 210215b xxu||||| |||| 00| 0 eng d | ||
| 020 | _a0-87201-517-3 | ||
| 040 | _c. | ||
| 082 | _a620.106 ENC | ||
| 100 |
_aCheremisinoff, Nicholas. _978370 |
||
| 245 | _aEncyclopedia of fluid mechanics slurry flow technology | ||
| 250 | _a VOL-5 | ||
| 260 |
_aLONDON _bGULF PUBLISHING _c1999 |
||
| 300 | _a1467P | ||
| 650 |
_aFLUID MECHANICS DICTIONARIES FLOW TECHNOLOGY _978371 |
||
| 942 |
_cBK _2ddc |
||
| 999 |
_c583502 _d583502 |
||